Die 10 beliebtesten Flugziele vom Flughafen Berlin (BER) - Statistiken

Allgemein
  • Dieses Quiz wurde 27 mal gespielt
  • Das Durchschnittsergebnis liegt bei 8 aus 10
Antwortstatistiken
Flüge pro Monat Stadt % Korrekt
191 London - LHR
100%
566 Frankfurt
92%
257 München
92%
258 Wien
92%
261 Paris
88%
205 Amsterdam
79%
308 Palma de Mallorca
79%
319 Zürich
67%
180 Kopenhagen
54%
180 Antalya
33%
Keine übereinstimmenden Quizze gefunden
Verteilung der Resultate
Anzahl Personen mit jedem Resultat
Perzentil nach korrekt beantworteten Fragen
Ihre Resultats-Entwicklung
Sie haben dieses Quiz noch nicht gespielt